مكتبة جامعة عجلون الوطنية

فهرس بحث المكتبة

Normal view MARC view
  • الججاوي، طلال محمد علي، م مشارك ايمان جواد احمد الخفاجي

Entry Personal Name

Number of records used in: 1

001 - CONTROL NUMBER

  • control field: 61590

003 - CONTROL NUMBER IDENTIFIER

  • control field: JO-AjAnu

005 - DATE AND TIME OF LATEST TRANSACTION

  • control field: 20230606084049.0

008 - FIXED-LENGTH DATA ELEMENTS

  • fixed length control field: 230606|| aca||aabn | a|a d

040 ## - CATALOGING SOURCE

  • Original cataloging agency: JO-AjAnu
  • Transcribing agency: JO-AjAnu

100 ## - HEADING--PERSONAL NAME

  • Personal name: الججاوي، طلال محمد علي، م مشارك ايمان جواد احمد الخفاجي

670 ## - SOURCE DATA FOUND

  • Source citation: Work cat.: (JO-AjAnu)31415: الججاوي، طلال محمد علي، م مشارك ايمان جواد احمد الخفاجي, author, محاسبة الاستدامة والشفافية وفق مؤشرات S&P-ISX-ESG ومعايير GRI